Music Quiz

Random Music Quiz
Score 0/150 Timer 08:00
0 Plays Today
obscure Answer % Correct
the
77.8%
a
77.8%
The
77.8%
a
77.8%
and
77.8%
and
77.8%
a
77.8%
the
77.8%
The
77.8%
The
77.8%
and
77.8%
the
77.8%
and
77.8%
the
77.8%
And
77.8%
The
77.8%
the
77.8%
The
77.8%
a
77.8%
And
77.8%
a
77.8%
And
77.8%
the
77.8%
Mr.
71.4%
Mr.
71.4%
Mr.
71.4%
Mr.
71.4%
Mr.
71.4%
Mr.
71.4%
Mr.
71.4%
In
69.8%
in
69.8%
all
65.1%
all
65.1%
be
63.5%
be
63.5%
be
63.5%
be
63.5%
there
61.9%
on
61.9%
there
61.9%
on
61.9%
on
61.9%
to
60.3%
to
60.3%
For
58.7%
for
58.7%
of
57.1%
Kite
57.1%
will
57.1%
obscure Answer % Correct
will
57.1%
of
57.1%
of
57.1%
Kite
57.1%
will
57.1%
Kite
57.1%
will
57.1%
Kite
57.1%
will
57.1%
of
57.1%
Kite
57.1%
will
57.1%
Kite
57.1%
benefit
55.6%
show
55.6%
tonight
55.6%
tonight
55.6%
dance
52.4%
is
52.4%
is
52.4%
Hendersons
50.8%
Hendersons
50.8%
don't
50.8%
sing
49.2%
as
49.2%
Horse
47.6%
FanquesFanques
46%
what
46%
trampoline
44.4%
Late
44.4%
ring,
44.4%
late!
44.4%
time
44.4%
through
42.9%
fire!
42.9%
his
42.9%
through
42.9%
his
42.9%
real
41.3%
world!
41.3%
at
41.3%
course
41.3%
Henry
41.3%
at
41.3%
way
39.7%
dances
39.7%
waltz!
39.7%
Pablo
38.1%
scene!
38.1%
this
38.1%
obscure Answer % Correct
some
38.1%
second
36.5%
none
36.5%
When
36.5%
guaranteed
36.5%
Fair
34.9%
performs
34.9%
Saturday
34.9%
flies
34.9%
performs
34.9%
splendid
34.9%
bill!
34.9%
hogshead
33.3%
challenge
33.3%
topping
33.3%
hoops
31.7%
celebrated
31.7%
assure
31.7%
their
31.7%
ten
31.7%
tricks
31.7%
Ten
31.7%
solid
31.7%
ground
31.7%
Bishopsgate
30.2%
K
30.2%
H
30.2%
public
30.2%
H
30.2%
demonstrate
30.2%
he'll
30.2%
Over
28.6%
lastly
28.6%
abbrv 'Monsieurs'Messrs.
28.6%
six
28.6%
horses
27%
feat
27%
production
27%
sound
27%
been
27%
garters
25.4%
begins
25.4%
without
25.4%
men
23.8%
band
23.8%
days
23.8%
preparation
22.2%
undertake
20.6%
Having
17.5%
summersets
12.7%
Remove Ads.
Support Sporcle.
Get the best of Sporcle when you Go Orange. This ad-free experience offers more features, more stats, and more fun while also helping to support Sporcle. Thank you for becoming a member.

You're not logged in!

Compare scores with friends on all Sporcle quizzes.
OR
Log In

Show Comments

Extras

Created Jan 3, 2015ReportNominate
Tags:obscure

Top Quizzes Today


Score Distribution

Your Account Isn't Verified!

In order to create a playlist on Sporcle, you need to verify the email address you used during registration. Go to your Sporcle Settings to finish the process.

Report this User

Report this user for behavior that violates our Community Guidelines.

Details: